| 000 -LEADER |
| fixed length control field |
00931nam a2200217 i 4500 |
| 020 ## - INTERNATIONAL STANDARD BOOK NUMBER |
| ISBN |
0124605605 |
| 040 ## - CATALOGING SOURCE |
| Transcribing agency |
DLC |
| 082 0# - DEWEY DECIMAL CLASSIFICATION NUMBER |
| Classification number |
632 JAM 1979 A109 Or. |
| 245 10 - TITLE STATEMENT |
| Title |
Low temperature stress in crop plants : |
| Remainder of title |
the role of the membrane / |
| 300 ## - PHYSICAL DESCRIPTION |
| Number of Pages |
xiv, 565 pages : |
| Other physical details |
illustrations ; |
| Dimensions |
24 cm |
| 500 ## - GENERAL NOTE |
| General note |
"Proceedings of an International Seminar on Low Temperature Stress in Crop Plants held in the East-West Center, Honolulu, Hawaii, March 26-30, 1979, sponsored by the United States National Science Foundation, the Australian Department of Science, the College of Agricultural and Environmental Sciences, University of California at Davis." |
| 650 #0 - SUBJECT ADDED ENTRY--TOPICAL TERM |
| Topical Term |
Plants |
| 650 #0 - SUBJECT ADDED ENTRY--TOPICAL TERM |
| Topical Term |
Plant membranes |
| 700 1# - ADDED ENTRY--PERSONAL NAME |
| Personal name |
Lyons, James M |
| 700 1# - ADDED ENTRY--PERSONAL NAME |
| Personal name |
Graham, Douglas |
| 700 1# - ADDED ENTRY--PERSONAL NAME |
| Personal name |
Raison, John K |
| 710 2# - ADDED ENTRY--CORPORATE NAME |
| Corporate name or jurisdiction name as entry element |
National Science Foundation (U.S.) |
| 710 1# - ADDED ENTRY--CORPORATE NAME |
| Corporate name or jurisdiction name as entry element |
Australia. |
| 710 2# - ADDED ENTRY--CORPORATE NAME |
| Corporate name or jurisdiction name as entry element |
University of California, Davis. |
| 942 ## - ADDED ENTRY ELEMENTS (KOHA) |
| Koha item type |
សៀវភៅភាសាអង់គ្លេស |
| 952 ## - LOCATION AND ITEM INFORMATION (KOHA) |
| Withdrawn status [LOCAL, KOHA] |
0 |